[Event "RUS-chT Blitz Women 2018"]
[Site "Sochi"]
[Date "2018.10.10"]
[Round "12"]
[White "Pogonina, Natalija"]
[Black "Charochkina, Daria"]
[Result "1/2-1/2"]
[WhiteElo "2485"]
[BlackElo "2344"]
[Annotator "TA"]
[PlyCount "107"]
[EventDate "2018.10.10"]
[EventType "swiss"]
[EventCountry "RUS"]
[SourceTitle "playchess.com"]
[Source "ChessBase"]
[SourceQuality "1"]

{[%evp 12,107,21,26,25,21,24,16,25,20,34,-60,-58,-69,-70,-63,-75,-59,-68,-88,-58,-58,-58,-58,-58,-58,-54,-58,-58,-55,-49,-50,-49,-53,-52,-69,-58,-62,-64,-99,-106,-122,-122,-122,-122,-122,-122,-122,-113,-113,-113,-189,-180,-176,-141,-152,-126,-111,-104,-104,-86,-86,-86,-86,-52,-52,-52,-52,0,-54,-54,-68,0,-68,-68,-68,-52,-52,-52,-52,0,-52,0,-52,0,-52,0,-52,-52,-52,0,-52,0,-52,-52,-52,-52,-52]} 1. d4 f5 2. c4 Nf6 3. Nc3 e6 4. Qc2 Bb4 5. e3 b6 6. Bd3 Bb7 7. f3 c5 {A85: Dutch Defence: 2 c4 Nf6 3 Nc3} (7... Qe7 8. Nge2 Nc6 9. a3 Bxc3+ 10. Qxc3 d5 11. O-O dxc4 12. Bxc4 O-O-O 13. Nf4 Nd5 14. Nxd5 exd5 15. Bd3 {1-0 (33) Inarkiev,E (2668)-Pridorozhni,A (2556) Kaliningrad 2015}) 8. Nge2 Nc6 9. O-O (9. a3 cxd4 10. exd4 Bd6 11. Be3 O-O 12. O-O Qb8 13. h3 Qd8 14. Qd2 Rc8 15. b4 {½-½ (79) Pogonina,N (2466)-Charochkina,D (2321) Sochi 2017}) 9... O-O {The position is equal.} 10. a3 cxd4 11. axb4 $146 (11. exd4 $14 Bd6 12. Be3) ({Predecessor:} 11. exd4 Bd6 12. Nb5 Bb8 13. Be3 a6 14. Nbc3 Bc7 {1-0 (32) Santos,M (2367)-Teixeira,R (2234) Rio de Janeiro 2016}) 11... Nxb4 $15 12. Qd2 dxc3 13. Nxc3 Nxd3 14. Qxd3 d5 15. cxd5 Nxd5 (15... Bxd5 {keeps more tension.} 16. Ra4 Bb7 17. Rd4 Qe7 18. Rd1 Rac8) 16. Nxd5 Qxd5 17. Qxd5 Bxd5 18. Bd2 Rfc8 19. Rfc1 a5 20. Kf2 Kf7 21. Rc3 Rxc3 22. Bxc3 {[%mdl 4096] Endgame KRB-KRB} a4 23. Bd4 b5 24. Rc1 Bc4 25. Bc5 Rd8 {...Rd2+ is the strong threat.} 26. Bb4 Rd3 27. Bc3 g6 28. Rc2 Ke7 29. Rd2 Kd6 30. Rxd3+ Bxd3 $17 {KB-KB} 31. e4 (31. g4 $17) 31... fxe4 $19 32. Ke3 Bf1 33. Kxe4 Bxg2 34. Bb4+ Kd7 35. h4 Bh3 36. Ke5 Bf5 37. f4 h5 38. Ba3 Kc6 39. Bb4 Kd7 40. Ba3 $1 Bc2 41. Bb4 Bf5 42. Ba3 $1 Kc7 43. Bb4 Kb6 44. Kd6 Bg4 45. Bc3 Bf5 46. Bb4 $1 Bg4 47. Bc3 $1 Bf5 48. Bb4 $1 Bg4 49. Bc3 $1 Kb7 50. Bb4 Kb6 51. Bc3 $1 Kb7 52. Bb4 $1 Ka6 53. Bc3 Kb6 54. Bb4 {Precision: White = 78%, Black = 67%.} 1/2-1/2

[Event "RUS-chT Blitz Women 2018"]
[Site "Sochi"]
[Date "2018.10.10"]
[Round "12"]
[White "Ambartsumova, Karina"]
[Black "Maltseva, Aleksandra"]
[Result "1-0"]
[WhiteElo "2379"]
[BlackElo "1347"]
[Annotator "TA"]
[PlyCount "47"]
[EventDate "2018.10.10"]
[EventType "swiss"]
[EventCountry "RUS"]
[SourceTitle "playchess.com"]
[Source "ChessBase"]
[SourceQuality "1"]

{[%evp 9,47,78,68,57,120,137,327,287,543,457,380,259,283,141,500,217,223,223,228,223,328,243,379,377,419,364,756,727,29992,29993,29993,29980,29993,29994,29996,29996,29997,29998,29998,29999]} 1. e4 d5 2. exd5 Qxd5 3. Nc3 Qa5 4. d4 {[%cal Bd2d4,Bd4d5][%mdl 32]} Nc6 (4... Nf6 5. Bc4 Bg4 6. Nge2 Nc6 7. O-O O-O-O 8. Be3 e5 9. d5 Nb4 10. Bg5 c6 11. a3 Nbxd5 12. Nxd5 cxd5 13. Bb3 h6 14. Bxf6 gxf6 15. Qe1 Qxe1 16. Rfxe1 {1-0 (49) Harikrishna,P (2744)-Ivanchuk,V (2726) Huaian 2017}) 5. d5 Nb8 6. Bf4 $146 {And now a3 would win. B01: Scandinavian Defence} ({Predecessor:} 6. Nf3 c6 7. Bf4 Nf6 8. dxc6 Nxc6 9. Bb5 Bd7 10. O-O e6 11. a3 a6 12. Bd3 {½-½ (38) Gomez Anadon,D (2304)-Munoz Pantoja,M (2404) Mataro 2004}) 6... Bd7 ({Black should play} 6... c6 $14) 7. Nf3 $16 {Strongly threatening Ne5.} Na6 $2 {[#]} (7... Nf6 $16 8. a3 Qb6) 8. a3 {White has a decisive advantage.} O-O-O $2 (8... Nf6 {keeps fighting.} 9. b4 Qb6) 9. b4 Qb6 10. Bc4 Bg4 11. h3 (11. Be5 $18 {is more deadly.}) 11... Bh5 $2 {[%mdl 8192] [#]} (11... Qf6 $16 12. Qd3 (12. hxg4 Qxc3+ 13. Nd2 Nf6 $16) 12... Bxf3 13. Qxf3 g6) 12. Be3 (12. g4 $142) 12... Qf6 13. Ne4 {[%cal Bc3e4,Be4g5,Bg5e6][%mdl 32]} Bxf3 14. gxf3 ({Stronger than} 14. Nxf6 Bxd1 15. Nxg8 Bxc2 $17) 14... Qg6 (14... Qe5 {might work better.} 15. Bd4 Qh5) 15. Qe2 (15. Bxa7 e6 $16) 15... f5 (15... Nb8 $142 16. O-O-O (16. Bxa7 Nd7 $18) 16... Nf6 17. Bxa7 Nbd7) 16. Ng5 $18 Qf6 17. Rd1 h6 $2 (17... e5 18. Bxa6 Qxa6 19. Qxa6 bxa6) 18. Ne6 Re8 19. Bxa6 {White mates.} Qc3+ 20. Kf1 bxa6 21. Qxa6+ Kb8 22. Nc5 Qxc5 23. bxc5 Nf6 24. Rb1+ {Precision: White = 57%, Black = 16%.} 1-0

[Event "RUS-chT Blitz Women 2018"]
[Site "Sochi"]
[Date "2018.10.10"]
[Round "12"]
[White "Gritsayeva, Oksana"]
[Black "Kovanova, Baira"]
[Result "1/2-1/2"]
[WhiteElo "2378"]
[BlackElo "2350"]
[Annotator "NA RC"]
[PlyCount "95"]
[EventDate "2018.10.10"]
[EventType "swiss"]
[EventCountry "RUS"]
[SourceTitle "playchess.com"]
[Source "ChessBase"]
[SourceQuality "1"]
[TimeControl "180+2"]

1. d4 {[%emt 0:00:00]} Nf6 {[%emt 0:00:00]} 2. Nf3 {[%emt 0:00:00]} e6 {[%emt 0:00:00]} 3. c4 {[%emt 0:00:02]} Bb4+ {[%emt 0:00:01]} 4. Nbd2 {[%emt 0:00:10]} b6 {[%emt 0:00:02]} 5. a3 {[%emt 0:00:09]} Bxd2+ {[%emt 0:00:02]} 6. Qxd2 {[%emt 0:00:03]} Bb7 {[%emt 0:00:06]} 7. e3 {[%emt 0:00:04]} a5 {[%emt 0:00:02]} 8. b3 {[%emt 0:00:08]} d6 {[%emt 0:00:01]} 9. Be2 {[%emt 0:00:04]} Nbd7 {[%emt 0:00:02]} 10. Bb2 {[%emt 0:00:02]} Qe7 {[%emt 0:00:05]} 11. O-O {[%emt 0:00:05]} O-O {[%emt 0:00:02]} 12. Qc2 {[%emt 0:00:16]} Be4 {[%emt 0:00:02]} 13. Bd3 {[%emt 0:00:09]} Bxf3 {[%emt 0:00:27]} 14. gxf3 {[%emt 0:00:01]} e5 {[%emt 0:00:02]} 15. dxe5 {[%emt 0:00:14]} Nxe5 {[%emt 0:00:18]} 16. Be2 {[%emt 0:00:11]} Kh8 {[%emt 0:00:26]} 17. Qf5 {[%emt 0:00:11]} Qd7 {[%emt 0:00:07]} 18. Qxd7 {[%emt 0:00:08]} Nfxd7 {[%emt 0:00:08]} 19. f4 {[%emt 0:00:03]} Ng6 {[%emt 0:00:05]} 20. Rab1 {[%emt 0:00:17]} Nc5 {[%emt 0:00:06]} 21. Bd4 {[%emt 0:00:06]} Nh4 {[%emt 0:00:07]} 22. Rfd1 {[%emt 0:00:07]} Nf5 {[%emt 0:00:08]} 23. Bc3 {[%emt 0:00:06]} Ne4 {[%emt 0:00:06]} 24. Be1 {[%emt 0:00:03]} Rfe8 {[%emt 0:00:15]} 25. f3 {[%emt 0:00:13]} Nc5 {[%emt 0:00:25]} 26. e4 {[%emt 0:00:01]} Ne7 {[%emt 0:00:11]} 27. f5 {[%emt 0:00:04]} Nc6 {[%emt 0:00:03]} 28. Kf2 {[%emt 0:00:07]} Ne5 {[%emt 0:00:03]} 29. Bc3 {[%emt 0:00:03]} Ng4+ {[%emt 0:00:07]} 30. Kg3 {[%emt 0:00:07]} Ne5 {[%emt 0:00:03]} 31. h4 {[%emt 0:00:07]} f6 {[%emt 0:00:01]} 32. Bf1 {[%emt 0:00:03]} Re7 {[%emt 0:00:05]} 33. Kf2 {[%emt 0:00:07]} Ng4+ {[%emt 0:00:01]} 34. Kg3 {[%emt 0:00:02]} Ne5 {[%emt 0:00:01]} 35. Bg2 {[%emt 0:00:04]} a4 {[%emt 0:00:05]} 36. b4 {[%emt 0:00:05]} Nb3 {[%emt 0:00:04]} 37. Bf1 {[%emt 0:00:03]} Rae8 {[%emt 0:00:06]} 38. f4 {[%emt 0:00:06]} Nf7 {[%emt 0:00:04]} 39. Bd3 {[%emt 0:00:01]} c5 {[%emt 0:00:01]} 40. b5 {[%emt 0:00:05]} Nd8 {[%emt 0:00:06]} 41. Kf3 {[%emt 0:00:01]} Nb7 {[%emt 0:00:01]} 42. h5 {[%emt 0:00:03]} h6 {[%emt 0:00:01]} 43. Bc2 {[%emt 0:00:05]} Kg8 {[%emt 0:00:03]} 44. Re1 {[%emt 0:00:06]} N7a5 {[%emt 0:00:02]} 45. Bd3 {[%emt 0:00:02]} Nb7 {[%emt 0:00:04]} 46. Re2 {[%emt 0:00:04]} N7a5 {[%emt 0:00:02]} 47. Rbe1 {[%emt 0:00:03]} Nb7 {[%emt 0:00:00]} 48. Bc2 {[%emt 0:00:05]} 1/2-1/2

[Event "RUS-chT Blitz Women 2018"]
[Site "Sochi"]
[Date "2018.10.10"]
[Round "12"]
[White "Vasilevich, Tatjana"]
[Black "Girya, Olga"]
[Result "0-1"]
[WhiteElo "2360"]
[BlackElo "2479"]
[Annotator "TA"]
[PlyCount "85"]
[EventDate "2018.10.10"]
[EventType "swiss"]
[EventCountry "RUS"]
[SourceTitle "playchess.com"]
[Source "ChessBase"]
[SourceQuality "1"]

{[%evp 18,85,24,-8,6,6,7,-27,20,-2,56,0,28,15,47,22,32,5,26,-21,-16,-33,17,18,13,-15,-16,-22,0,-10,-16,-36,0,-84,-10,-15,0,-101,-114,-109,-106,-110,-102,-104,-6,-5,-26,-52,0,0,0,0,0,-80,0,0,0,0,0,-6,0,-5,-5,-343,-328,-1072,-1065,-285,-1007,-883]} 1. d4 d5 2. c4 c6 3. Nf3 Nf6 4. e3 Bg4 5. h3 Bh5 6. g4 {D11: Damengambit (Slawische Verteidigung)} Bg6 7. Ne5 Nbd7 8. Nxg6 hxg6 9. Nc3 e6 10. a3 {LiveBook: 44 Partien} (10. g5 Ng8 11. h4 Bb4 12. Qb3 Bxc3+ 13. bxc3 Ne7 14. Ba3 Nb6 15. Bxe7 Qxe7 {½-½ (85) Ding,L (2774)-Carlsen,M (2837) Saint Louis 2017}) 10... dxc4 (10... g5 11. Qf3 Bd6 12. e4 Nxe4 13. Nxe4 dxe4 14. Qxe4 Qe7 15. Be3 O-O-O {½-½ (74) Vasilevich,T (2360)-Girya,O (2505) Sochi 2017}) 11. Bxc4 Nb6 12. Bd3 Qc7 $146 ({Vorgänger:} 12... Be7 13. Qe2 Rh4 14. f3 Qc7 15. Bd2 Qg3+ {1-0 (52) Leenhouts,K (2380)-Lemmers,O (2373) Belgium 2015}) 13. Bd2 Nbd5 ({Günstiger ist} 13... e5 $11) 14. Kf1 (14. Qf3 $14) 14... Be7 15. Kg2 Rd8 16. Qe2 g5 17. Rac1 Kf8 18. Nxd5 Nxd5 19. Be4 Qb6 (19... a6 {with more complications.} 20. Bf3 g6 21. Rhd1 Kg7 22. e4 Nf4+) 20. Bxd5 exd5 21. Bc3 Rh6 22. Qd3 Re8 23. Rhf1 Kg8 24. Rce1 Qc7 25. f4 (25. e4 $11) 25... Re6 (25... Bd8 $17) 26. e4 $1 $11 gxf4 {[#] Droht stark ...Lh4.} 27. e5 (27. exd5 $11 Rxe1 28. Rxe1) 27... Bh4 $17 28. Re2 Bg3 29. Be1 f6 30. Bxg3 fxg3 (30... fxe5 $17 {Schwarz will ...e4 spielen.} 31. dxe5 fxg3) 31. Qxg3 $11 fxe5 32. Rf5 Qb6 (32... c5 $1 $15 33. Rexe5 (33. Rfxe5 Rxe5 34. Rxe5 Rxe5 $15) 33... Rxe5 34. Rxe5 Rxe5 35. dxe5 d4) 33. dxe5 d4 34. Ref2 Qd8 35. Qf4 (35. Qb3 $11 {bleibt in der Remisbreite.}) 35... d3 (35... Qd5+ $17 36. Kg1 Rxe5) 36. Kh2 b5 37. b4 a5 38. Kg2 axb4 39. axb4 Qd5+ 40. Kh2 $2 {[%mdl 8192] [#]} (40. Qf3 $11) 40... Rxe5 $19 41. Rf8+ $2 (41. Rxe5 Rxe5 42. Kg3) 41... Rxf8 42. Qxf8+ Kh7 43. Qf4 {Precision: Weiß = 33%, Schwarz = 35%.} 0-1

[Event "RUS-chT Blitz Women 2018"]
[Site "Sochi"]
[Date "2018.10.10"]
[Round "12"]
[White "Guseva, Marina"]
[Black "Tomilova, Elena"]
[Result "1/2-1/2"]
[WhiteElo "2292"]
[BlackElo "2328"]
[Annotator "NA"]
[PlyCount "48"]
[EventDate "2018.10.10"]
[EventType "swiss"]
[EventCountry "RUS"]
[SourceTitle "playchess.com"]
[Source "ChessBase"]
[SourceQuality "1"]
[TimeControl "180+2"]

1. d4 {[%emt 0:00:00]} d5 {[%emt 0:00:00]} 2. c4 {[%emt 0:00:00]} c6 {[%emt 0:00:00]} 3. Nc3 {[%emt 0:00:03]} dxc4 {[%emt 0:00:00]} 4. e3 {[%emt 0:00:01]} b5 {[%emt 0:00:02]} 5. a4 {[%emt 0:00:01]} b4 {[%emt 0:00:00]} 6. Ne4 {[%emt 0:00:01]} Qd5 {[%emt 0:00:03]} 7. Ng3 {[%emt 0:00:01]} Nf6 {[%emt 0:00:04]} 8. Be2 {[%emt 0:00:02]} Ba6 {[%emt 0:00:12]} 9. e4 {[%emt 0:00:23]} Qa5 {[%emt 0:00:15]} 10. Nf3 {[%emt 0:00:10]} e6 {[%emt 0:00:04]} 11. O-O {[%emt 0:00:03]} Nbd7 {[%emt 0:00:09]} 12. Qc2 {[%emt 0:00:19]} b3 {[%emt 0:00:13]} 13. Qd1 {[%emt 0:00:03]} Bb4 {[%emt 0:00:10]} 14. Bd2 {[%emt 0:00:07]} O-O {[%emt 0:00:07]} 15. Bxb4 {[%emt 0:00:05]} Qxb4 {[%emt 0:00:01]} 16. e5 {[%emt 0:00:03]} Nd5 {[%emt 0:00:04]} 17. Ne4 {[%emt 0:00:02]} c5 {[%emt 0:00:14]} 18. dxc5 {[%emt 0:00:19]} Nxc5 {[%emt 0:00:03]} 19. Qd4 {[%emt 0:00:02]} Rac8 {[%emt 0:00:19]} 20. Nd6 {[%emt 0:00:11]} Rc7 {[%emt 0:00:15]} 21. Bxc4 {[%emt 0:00:38]} Bxc4 {[%emt 0:00:04]} 22. Qxc4 {[%emt 0:00:03]} Qxc4 {[%emt 0:00:03]} 23. Nxc4 {[%emt 0:00:02]} Nd3 {[%emt 0:00:03]} 24. Ncd2 {[%emt 0:00:06]} Rb8 {[%emt 0:00:08]} 1/2-1/2

[Event "RUS-chT Blitz Women 2018"]
[Site "Sochi"]
[Date "2018.10.10"]
[Round "12"]
[White "Markelova, Lubov"]
[Black "Khusneeva, Alina"]
[Result "1-0"]
[WhiteElo "2190"]
[BlackElo "1066"]
[Annotator "TA"]
[PlyCount "119"]
[EventDate "2018.10.10"]
[EventType "swiss"]
[EventCountry "RUS"]
[SourceTitle "playchess.com"]
[Source "ChessBase"]
[SourceQuality "1"]

{[%evp 23,118,35,41,25,35,26,52,48,30,0,12,6,38,33,81,79,95,100,135,128,164,124,219,87,89,75,81,37,73,27,65,10,123,105,160,112,147,108,123,83,137,119,139,141,290,140,216,204,226,162,177,145,138,145,152,145,277,236,351,181,290,279,865,847,2287,2328,2207,2254,29985,29986,29986,29987,29987,29987,29991,29992,29993,29993,29994,29995,29997,29995,29995,29995,29995,29994,29995,29995,29995,29995,29996,29997,29998,29998,29998,29999,29999]} 1. Nf3 Nf6 2. c4 g6 3. Nc3 Bg7 4. e4 d6 5. d4 O-O 6. Be2 e5 7. d5 Nbd7 8. O-O Nc5 9. Qc2 a5 10. Bg5 h6 11. Be3 Nfd7 12. Nd2 {E94: Königsindisch (Klassisches System)} f5 {LiveBook: 22 Partien} 13. f3 f4 14. Bf2 {Weiß steht etwas besser.} g5 15. b3 {[%cal Bb2b3,Bb3b4][%mdl 32]} Nf6 (15... h5 16. a3 Na6 17. Rfb1 Rf6 18. Qd1 Rg6 19. b4 Bf8 {1-0 (47) Savchenko,B (2584)-Nyzhnyk,I (2637) Moscow 2013}) 16. a3 {[%cal Ba2a3,Ba3b4][%mdl 32]} g4 $1 17. b4 g3 $146 (17... Na6 {with more complications.} 18. fxg4 Nxg4 19. b5 Nc5 20. Bxc5 dxc5 21. Nd1 Qg5) ({Vorgänger:} 17... Na6 18. Rab1 axb4 19. axb4 g3 20. hxg3 {0-1 (31) Seliverstov,V (2110)-Andreikin,D (2418) Dagomys 2004}) 18. hxg3 fxg3 19. Bxg3 ({Doch nicht} 19. bxc5 $6 gxf2+ 20. Rxf2 dxc5 $11) 19... axb4 20. axb4 Rxa1 21. Rxa1 Na6 22. Rb1 Rf7 (22... Nh5 $16) 23. Nf1 (23. Bh4 $18) 23... Nh5 $16 24. Qd2 Nf4 25. Bd3 Qg5 26. Rb2 Bf8 27. Bxf4 (27. Bb1 $14) 27... Qxf4 (27... exf4 $11 {hält das Gleichgewicht.} 28. Nb5 Qf6) 28. Qxf4 Rxf4 (28... exf4 $142 29. Ne2 Bg7) 29. Nb5 Rf7 30. Nd2 Rg7 31. Kf2 Rf7 (31... Be7 $142) 32. Nf1 Rh7 33. Ne3 Re7 (33... Bd7 $16 34. Be2 h5) 34. Nf5 (34. Na7 $18 {und Weiss behält klar die Oberhand.} Re8 35. Nxc8 Rxc8 36. Ke2) 34... Bxf5 (34... Re8 $16 35. Nc3 Kf7) 35. exf5 $18 Rf7 36. Be4 h5 37. g4 hxg4 38. fxg4 {g5 ist eine echte Drohung.} Bh6 39. Kf3 Kg7 (39... Bg5 $16 40. Rh2 Rg7) 40. Nc3 Kf6 (40... Bc1 {war nötig.} 41. Rg2 Rf8) 41. Ne2 (41. Bd3 $142) 41... Kg7 (41... Rh7 {ist wohl besser.} 42. Ng3 Bf4) 42. Ng3 Bf4 $2 {[#]} (42... Bg5 43. Bd3 Bc1) 43. Nh5+ Kh6 44. Nxf4 exf4 45. Kxf4 {[%mdl 4096] Endspiel KTL-KTS} b6 46. g5+ {[%cal Bg4g5,Bg5g6][%mdl 32] Weiß setzt Matt.} Kg7 47. f6+ Kg8 48. Kf5 Kf8 49. g6 Rd7 50. Ke6 Nb8 51. Rh2 {[%cal Rh2h8]} Rg7 52. fxg7+ Kxg7 53. Rh7+ Kf8 54. Rh8+ Kg7 55. Rxb8 b5 56. cxb5 c5 57. Rb7+ Kg8 58. g7 cxb4 59. Kf6 {[%cal Rb7b8]} b3 60. Rb8# {Precision: Weiß = 33%, Schwarz = 25%.} 1-0

[Event "RUS-chT Blitz Women 2018"]
[Site "Sochi"]
[Date "2018.10.10"]
[Round "12"]
[White "Sukhareva, Evgeniya"]
[Black "Vifleemskaia, Svetlana"]
[Result "1-0"]
[WhiteElo "2125"]
[BlackElo "2030"]
[Annotator "TA"]
[PlyCount "61"]
[EventDate "2018.10.10"]
[EventType "swiss"]
[EventCountry "RUS"]
[SourceTitle "playchess.com"]
[Source "ChessBase"]
[SourceQuality "1"]

{[%evp 9,61,24,27,23,29,26,27,23,57,47,54,60,60,60,59,48,62,56,53,50,69,76,90,91,86,89,85,83,78,76,77,34,38,48,87,50,53,39,49,36,37,33,43,19,25,0,4,0,8,0,70,0,769,741]} 1. d4 Nc6 2. Bf4 d5 3. e3 Nf6 4. Nf3 Bg4 5. a3 (5. h3 Bxf3 6. Qxf3 e6 7. c3 Bd6 8. Bg5 Be7 9. Nd2 O-O 10. h4 e5 11. Bb5 exd4 12. exd4 Re8 13. O-O-O {1-0 (27) Rozentalis,E (2551)-Zeberski,J (2437) Ustron 2007}) 5... e6 6. c4 {D02: 1 d4 d5 2 Nf3 sidelines, including 2...Nf6 3 g3 and 2...Nf6 3 Bf4} Bd6 7. Bg5 dxc4 8. Bxc4 {White has an edge.} Be7 $146 ({Predecessor:} 8... h6 9. Bh4 O-O 10. Nc3 Na5 11. Be2 Qe7 12. b4 Nc6 {0-1 (44) Dabraccio,G (1745)-Vanegas,R (1600) Tolima 2012}) 9. Nc3 a6 10. O-O O-O 11. h3 {[#] Bxf6 is the strong threat.} Bh5 {[%cal Bg4h5,Bh5g6,Bg6e4][%mdl 32]} 12. Be2 h6 13. Bh4 Bg6 14. Rc1 Ne4 {[#] And now ...Nxc3 would win.} 15. Bxe7 Qxe7 16. Nxe4 Bxe4 17. Nd2 Bg6 18. Bf3 Nd8 19. Qb3 c6 20. Ne4 Bxe4 21. Bxe4 Qd6 22. f4 f5 23. Bb1 Qd5 24. Qc3 (24. Qb4 {seems wilder.} Qd7 25. g4 Nf7 26. Rf2 Kh7 27. Bd3) 24... Nf7 {[%cal Bd8f7,Bf7d6,Bd6e4][%mdl 32]} 25. Bc2 Qd7 26. Bb3 Nd6 27. Rfd1 Ne4 28. Qa5 Rf6 29. Qe5 Qd6 (29... Kh8 $11) 30. Qa5 (30. h4 $14) 30... Rg6 $2 {[%mdl 8192]} (30... Qd7 $11) 31. Qxf5 $1 {Precision: White = 53%, Black = 46%.} 1-0

[Event "RUS-chT Blitz Women 2018"]
[Site "Sochi"]
[Date "2018.10.10"]
[Round "12"]
[White "Shendrik, Zhanna"]
[Black "Chan, Naruna"]
[Result "1-0"]
[WhiteElo "1934"]
[BlackElo "1967"]
[Annotator "NA RC"]
[PlyCount "75"]
[EventDate "2018.10.10"]
[EventType "swiss"]
[EventCountry "RUS"]
[SourceTitle "playchess.com"]
[Source "ChessBase"]
[SourceQuality "1"]
[TimeControl "180+2"]

1. d4 {[%emt 0:00:00]} f5 {[%emt 0:00:00]} 2. g3 {[%emt 0:00:02]} d6 {[%emt 0:00:02]} 3. Bg2 {[%emt 0:00:02]} Nf6 {[%emt 0:00:01]} 4. Nf3 {[%emt 0:00:06]} g6 {[%emt 0:00:01]} 5. c4 {[%emt 0:00:10]} Bg7 {[%emt 0:00:01]} 6. Nc3 {[%emt 0:00:01]} O-O {[%emt 0:00:02]} 7. O-O {[%emt 0:00:01]} c6 {[%emt 0:00:02]} 8. Qc2 {[%emt 0:00:07]} Qc7 {[%emt 0:00:02]} 9. b3 {[%emt 0:00:03]} e5 {[%emt 0:00:02]} 10. dxe5 {[%emt 0:00:02]} dxe5 {[%emt 0:00:01]} 11. Bb2 {[%emt 0:00:02]} e4 {[%emt 0:00:02]} 12. Nd4 {[%emt 0:00:11]} Na6 {[%emt 0:00:02]} 13. a3 {[%emt 0:00:07]} Ng4 {[%emt 0:00:08]} 14. h3 {[%emt 0:00:38]} Nxf2 {[%emt 0:00:21]} 15. Kxf2 {[%emt 0:00:17]} Bxd4+ {[%emt 0:00:01]} 16. e3 {[%emt 0:00:01]} Be5 {[%emt 0:00:03]} 17. Ne2 {[%emt 0:00:03]} Nc5 {[%emt 0:00:11]} 18. Bxe5 {[%emt 0:00:11]} Qxe5 {[%emt 0:00:04]} 19. Kg1 {[%emt 0:00:08]} Be6 {[%emt 0:00:11]} 20. Nf4 {[%emt 0:00:03]} Rfd8 {[%emt 0:00:10]} 21. Rad1 {[%emt 0:00:10]} Bf7 {[%emt 0:00:42]} 22. b4 {[%emt 0:00:12]} Ne6 {[%emt 0:00:08]} 23. Kh2 {[%emt 0:00:06]} Qc7 {[%emt 0:00:11]} 24. c5 {[%emt 0:00:08]} Nxf4 {[%emt 0:00:06]} 25. gxf4 {[%emt 0:00:02]} Rd5 {[%emt 0:00:06]} 26. Rxd5 {[%emt 0:00:05]} Bxd5 {[%emt 0:00:04]} 27. Kg1 {[%emt 0:00:13]} a5 {[%emt 0:00:05]} 28. Qc3 {[%emt 0:00:03]} Qg7 {[%emt 0:00:22]} 29. Qd2 {[%emt 0:00:06]} axb4 {[%emt 0:00:04]} 30. Qxb4 {[%emt 0:00:08]} Qc7 {[%emt 0:00:16]} 31. Rb1 {[%emt 0:00:03]} Ra7 {[%emt 0:00:02]} 32. Bf1 {[%emt 0:00:09]} h6 {[%emt 0:00:04]} 33. Bc4 {[%emt 0:00:03]} Kf7 {[%emt 0:00:08]} 34. Bxd5+ {[%emt 0:00:02]} cxd5 {[%emt 0:00:01]} 35. Qd4 {[%emt 0:00:06]} Qc6 {[%emt 0:00:04]} 36. Rb6 {[%emt 0:00:02]} Qd7 {[%emt 0:00:10]} 37. Qf6+ {[%emt 0:00:01]} Ke8 {[%emt 0:00:05]} 38. Re6+ {[%emt 0:00:03] Kd8 [%clk 0:00:07]} 1-0